1115 1490 1653 1368 1661 1711 1214 1091 1374 1835 1506 1903 1611 1490 1251 1969 1948 1590 1759 1640 1586 1306 1395 1913 1516 1229 1144 1905 1994 1288 1807 1612 1715 1355 1160 1894 1346 1547 1598 1511 1206 1134 1873 1106 1435 1110 1652 1996 1925 1840 1345 1832 1933 1432 1838 1644 1683 1395 1819 1421 1898 1495 1254 1915 1841 1263 1487 1878 1473 1950 1253 1355 1372 1492 1253 1444 1444 1700 1429 1877 1369 1457 1234 1275 1645 1018 1818 1835 1124 1380 1239 1529 1763 1382 1844 1462 1398 1069 1254 BCNSPRNW ULIB Ver.6.0+V

เปลี่ยนเป็นภาษาไทย

Change to English
 แสดงรายละเอียดบรรณานุกรม
  กลับหน้าหลัก

Brief Record : Get Marc (ISO 2709) : E-mail record : QR code < ปิดหน้าต่าง
LEADER : 00000nam 2200000uu 4500
001    13399126881
003     ULIB
008    190824s||||||||th 000 0 tha d
020    ^a9786163983336
060 04 ^aWY152^bศ481ก
100 0  ^aศิริรัตน์ ปานอุทัย,บรรณาธิการ
245 02 ^aการพยาบาลผู้สูงอายุ เล่ม 2 /^cศิริรัตน์ ปานอุทัย,บรรณาธิการ
250    ^aพิมพ์ครั้งที่ 2
260    ^aเชียงใหม่ :^bสมาร์ทโคตติ้ง แอนด์ เซอร์วิส,^c2560.
300    ^a196 หน้า:^c26ซม.
650  7 ^aผู้สูงอายุ^xการพยาบาล
710 2  ^aมหาวิทยาลัยเชียงใหม่. ^bคณะพยาบาลศาสตร์
945    ^p250^l0^i27478
945    ^p250^l0^i27477
945    ^p250^l0^i27476
945    ^p250^l0^i27480
945    ^p250^l0^i27479
999    ^aกัณชพร
รายการนี้ยังไม่มีแท็ก
คุณยังไม่ได้ล็อกอิน คุณสามารถมีกิจกรรมร่วมกับเว็บไซต์ได้ แต่ต้องล็อกอินก่อน ::
  ล็อกอิน

รายการสื่อสารสนเทศ

ลำดับที่ ประเภท เลขเรียก/บาร์โค้ด สถานที่ สถานะ
1. หนังสือสำรอง
หนังสือสำรอง
WY152 ศ481ก ฉ.1 
  Barcode: 27476
ห้องสมุดวิทยาเขตนครสวรรค์
►หนังสือทั่วไป:l:General Books
บนชั้น
2. วิทยาศาสตร์การแพทย์ และสุขภาพ
วิทยาศาสตร์การแพทย์ และสุขภาพ
WY152 ศ481ก ฉ.2 
  Barcode: 27477
ห้องสมุดวิทยาเขตนครสวรรค์
►หนังสือทั่วไป:l:General Books
บนชั้น
3. วิทยาศาสตร์การแพทย์ และสุขภาพ
วิทยาศาสตร์การแพทย์ และสุขภาพ
WY152 ศ481ก ฉ.3 
  Barcode: 27478
ห้องสมุดวิทยาเขตนครสวรรค์
►หนังสือทั่วไป:l:General Books
บนชั้น
4. วิทยาศาสตร์การแพทย์ และสุขภาพ
วิทยาศาสตร์การแพทย์ และสุขภาพ
WY152 ศ481ก ฉ.4 
  Barcode: 27479
ห้องสมุดวิทยาเขตนครสวรรค์
►หนังสือทั่วไป:l:General Books
บนชั้น
5. วิทยาศาสตร์การแพทย์ และสุขภาพ
วิทยาศาสตร์การแพทย์ และสุขภาพ
WY152 ศ481ก ฉ.5 
  Barcode: 27480
ห้องสมุดวิทยาเขตนครสวรรค์
►หนังสือทั่วไป:l:General Books
บนชั้น

รายการใกล้เคียง
    ผู้แต่ง [ศิริรัตน์ ปานอุทัย,บรรณาธิการ]

BibComment


ยังไม่เคยถูกคอมเมนท์

คอมเมนท์ทรัพยากรรายการนี้
  คอมเมนท์: การพยาบาลผู้สูงอ..


 Copyright 2026. Bcnsprnw @Library